| 000 | 00847nam a2200277 4500 | ||
|---|---|---|---|
| 999 |
_c20915 _d20915 |
||
| 001 | 768712 | ||
| 003 | BDDh-ASL | ||
| 005 | 20231015025940.0 | ||
| 008 | 720308s1972 nyua b 001 0 eng | ||
| 010 | _a 71161925 | ||
| 020 | _a0394313143 | ||
| 040 |
_aDLC _cDLC _dDLC _dBDDh-ASL |
||
| 050 | 0 | 0 |
_aH83 _b.P5 |
| 082 | 0 | 0 |
_a300 _bPIS |
| 100 | 1 | _aPirtle, Wayne G. | |
| 245 | 1 | 4 |
_aThe social sciences; _ban integrated approach / _c[by] Wayne G. Pirtle and John J. Grant. Peter I. Rose: consulting editor. |
| 250 | _a[1st ed.] | ||
| 260 |
_aNew York: _bRandom House _c[1972] |
||
| 300 |
_axi, 845 p. _billus. _c26 cm. |
||
| 350 | _a$9.95 | ||
| 504 | _aIncludes bibliographical references. | ||
| 650 | 0 | _aSocial sciences. | |
| 700 | 1 |
_aGrant, John J., _ejoint author. |
|
| 906 |
_a7 _bcbc _corignew _d2 _encip _f19 _gy-gencatlg |
||
| 942 |
_2ddc _cBK |
||